|
|
|
|
| LEADER |
00000cam a2200000 a 4500 |
| 001 |
vtls008384045 |
| 003 |
SK-MaSNL |
| 005 |
20260301140700.0 |
| 008 |
251001s1924 xo o gr 000 0 slo |
| 015 |
|
|
|a SNBA19191938-006824
|
| 020 |
|
|
|q (brožované)
|
| 035 |
|
|
|a SK01SNKBSKHR20010076262
|
| 035 |
|
|
|a urn:nbn:sk:snk-am3hioa
|
| 035 |
|
|
|a C2D599EA-3B6F-482F-BA14-379185447A51
|
| 035 |
|
|
|a urn:nbn:sk:snk-am00d1ox
|
| 035 |
|
|
|a SKM000078725
|
| 040 |
|
|
|a SNK
|b slo
|c SNK
|e AACR2
|
| 041 |
0 |
|
|a slo
|
| 043 |
|
|
|a e-xo---
|
| 044 |
|
|
|a xo
|c SK
|
| 072 |
|
7 |
|a 271/279
|x Kresťanské cirkvi, sekty, denominácie
|2 konspekt
|
| 080 |
|
|
|a 726:27-523.42:274.5(439.22)
|2 2011
|
| 080 |
|
|
|a (437.642)
|2 2011
|
| 080 |
|
|
|a (042.5)
|2 2011
|
| 100 |
1 |
|
|a Makovický, Emil,
|d 1884-1972
|4 aut
|4 com
|9 102165
|
| 245 |
1 |
0 |
|a Krátke dejiny sboru ev. a. v. vyzn. sirk.-turčockého
|b posväcujúca reč a prímluva dôst. p. dra Juraja Janošku, biskupa východného dištriktu : Prednáška vel. p. Ľudovíta Hozneka, seniora gemerského
|c sostavil Emil Makovický
|
| 260 |
|
|
|a Rimavská Sobota
|b [vydavateľ nie je známy]
|c 1924
|e Rimavská Sobota
|f Kníhtlačiarsky účastinársky spolok, fil.
|
| 300 |
|
|
|a 36 s.
|b fotografie
|c 21 cm
|
| 610 |
2 |
7 |
|a Evanjelická cirkev a.v.
|2 SNKKA
|9 32425
|
| 650 |
0 |
7 |
|a evanjelické kostoly
|2 SNKPH
|9 86148
|
| 651 |
|
7 |
|a Sirk (Slovensko)
|2 SNKPHgeo
|9 58452
|
| 655 |
|
7 |
|a prejavy
|2 SNKPH
|9 70401
|
| 700 |
1 |
|
|a Janoška, Jur,
|d 1856-1930
|4 aut
|9 112325
|
| 700 |
1 |
|
|a Hroznek, Ľudovít,
|d 1861-1930
|4 aut
|9 200073
|
| 852 |
|
|
|a Slovenská národná knižnica
|
| 954 |
|
|
|a duchovná literatúra pôvodná (slovenská)
|2 lita
|
| 958 |
|
|
|a EUIPO
|
| 958 |
|
|
|a OND
|
| 958 |
|
|
|a NT
|
| 999 |
|
|
|c 764639
|d 766569
|
| 952 |
|
|
|a SNK
|b SNK
|y PREZ
|7 0
|p 17A0727777
|o snkSC 2003/8
|i snk2062/36
|0 0
|1 0
|4 0
|d 2011-11-22
|f 1
|l 0
|r 2025-06-11 00:00:00
|w 2026-02-24
|
| 952 |
|
|
|t P60, <04>, [BOOK], {604}
|a SNK
|b SNK
|y VYP
|7 0
|p 17A0127171
|o snkSC 2003/8 D1
|i snkKSK 1987/56
|8 3
|0 0
|1 0
|4 0
|d 1998-03-16
|l 0
|r 2005-01-02 00:00:00
|w 2026-02-24
|